Reflexiones en torno a la distribución del ingreso, el crecimiento y el gasto público / (Registro nro. 8498)
[ vista simple ]
| 000 -LEADER | |
|---|---|
| fixed length control field | 01696nam a2200337Ia 4500 |
| 003 - CONTROL NUMBER IDENTIFIER | |
| control field | OSt |
| 005 - DATE AND TIME OF LATEST TRANSACTION | |
| control field | 20210906163412.0 |
| 008 - FIXED-LENGTH DATA ELEMENTS--GENERAL INFORMATION | |
| fixed length control field | 210310s2003 ck ad fr 000 0 spa d |
| 020 ## - INTERNATIONAL STANDARD BOOK NUMBER | |
| International Standard Book Number | 9586166848 |
| 040 ## - CATALOGING SOURCE | |
| Original cataloging agency | CO-JMCR |
| Transcribing agency | CO-JMCR |
| 041 0# - LANGUAGE CODE | |
| Language code of text/sound track or separate title | spa |
| 082 04 - DEWEY DECIMAL CLASSIFICATION NUMBER | |
| Classification number | 339.41 / |
| Item number | G643r |
| Edition number | 23 |
| 100 1# - MAIN ENTRY--PERSONAL NAME | |
| Personal name | González Borrero, Jorge Iván, |
| 9 (RLIN) | 17446 |
| Relator term | autor |
| 245 10 - TITLE STATEMENT | |
| Title | Reflexiones en torno a la distribución del ingreso, el crecimiento y el gasto público / |
| Statement of responsibility, etc. | Jorge Iván González Borrero, Clara Ramírez Gómez, Alfredo Sarmiento Gómez |
| 250 ## - EDITION STATEMENT | |
| Edition statement | Primera edición |
| 260 ## - PUBLICATION, DISTRIBUTION, ETC. | |
| Place of publication, distribution, etc. | Bogotá : |
| Name of publisher, distributor, etc. | Universidad Externado de Colombia, |
| Date of publication, distribution, etc. | 2003 |
| 300 ## - PHYSICAL DESCRIPTION | |
| Extent | 113 páginas : |
| Other physical details | ilustraciones y gráficas a blanco y negro ; |
| Dimensions | 21 cm. |
| 490 0# - SERIES STATEMENT | |
| Series statement | Estudios de caso en políticas públicas ; |
| Volume/sequential designation | N°.4 |
| 500 ## - GENERAL NOTE | |
| General note | Incluye notas a pie de página. |
| 504 ## - BIBLIOGRAPHY, ETC. NOTE | |
| Bibliography, etc. note | Bibliografía: página 103-[114] |
| 505 0# - FORMATTED CONTENTS NOTE | |
| Formatted contents note | Distribución del ingreso y crecimiento económico -- Kuznets y el crecimiento económico -- Indicadores básicos de pobreza -- Indicadores de desigualdad -- Convergencia -- Precios y distribución del ingreso -- Activos físicos, financieros y monetarios -- Movilidad educativa intergeneracional -- Gasto público social, subsidios e impuestos |
| 650 14 - SUBJECT ADDED ENTRY--TOPICAL TERM | |
| Topical term or geographic name entry element | Gastos públicos |
| 9 (RLIN) | 17448 |
| Geographic subdivision | Colombia |
| 650 24 - SUBJECT ADDED ENTRY--TOPICAL TERM | |
| Topical term or geographic name entry element | Distribución del ingreso |
| Geographic subdivision | Colombia |
| 9 (RLIN) | 39472 |
| 650 24 - SUBJECT ADDED ENTRY--TOPICAL TERM | |
| Topical term or geographic name entry element | Desigualdad social |
| Geographic subdivision | Colombia |
| 9 (RLIN) | 40049 |
| 650 24 - SUBJECT ADDED ENTRY--TOPICAL TERM | |
| Topical term or geographic name entry element | Hacienda pública |
| Geographic subdivision | Colombia |
| 9 (RLIN) | 6814 |
| 650 24 - SUBJECT ADDED ENTRY--TOPICAL TERM | |
| Topical term or geographic name entry element | Administración financiera |
| Geographic subdivision | Colombia |
| 9 (RLIN) | 9618 |
| 651 #4 - SUBJECT ADDED ENTRY--GEOGRAPHIC NAME | |
| Geographic name | Colombia |
| General subdivision | Administración pública |
| 9 (RLIN) | 9190 |
| 700 1# - ADDED ENTRY--PERSONAL NAME | |
| Personal name | Ramírez Gómez, Clara, |
| Relator term | autora |
| 9 (RLIN) | 40050 |
| 700 1# - ADDED ENTRY--PERSONAL NAME | |
| Personal name | Sarmiento Gómez, Alfredo, |
| Relator term | autor |
| 9 (RLIN) | 40051 |
| 942 ## - ADDED ENTRY ELEMENTS (KOHA) | |
| Source of classification or shelving scheme | Dewey Decimal Classification |
| Koha item type | Books |
| Withdrawn status | Lost status | Source of classification or shelving scheme | Damaged status | Not for loan | Collection code | Home library | Current library | Date acquired | Source of acquisition | Full call number | Barcode | Date last seen | Copy number | Koha item type |
|---|---|---|---|---|---|---|---|---|---|---|---|---|---|---|
| Dewey Decimal Classification | Non-fiction | Biblioteca Pública José María del Castillo y Rada | Biblioteca Pública José María del Castillo y Rada | 04/15/2018 | Donación | 339.41 / G643r | 430006136 | 05/16/2024 | Ej.1 | Books |